00757nam a2200277Ia 450000500170000000800460001702000180006303700100008104000080009104000080009904000080010704100080011504100080012308400080013110000290013924500640016824500270023226000230025926000090028236500050029136500080029685600530030494200100035799900210036795200910038820260324130739.0008 260324s9999 xx 000 0 eng d a9781003554417 aEBOOK aCRL beng cCRL 2eng aeng qCRL aJanet L. Nelson91182942 0aCourts, Elites, and Gendered Power in the Early Middle Ages 0bCharlemagne and Others bTaylor and Francis c2007 a b240 uhttp://www.taylorfrancis.com/books/9781003554417 cEBOOK c1779387d1779387 00104070aCRLbCRLd2026-03-24l0pCL2061558r2026-03-24 13:07:39w2026-03-24yEBOOK